000 00357 a2200169 4500
001 169781
020 _a85-7319-413-8
040 _cMagnum
100 _aGuimarães, Ronaldo
240 1 0 _aRetratos do tempo
_lpor
245 1 0 _aRetratos do tempo
300 _a176
362 0 _a2001
440 1 _aDimensão
697 _aLITERATURA GERAL
942 _cBK
999 _c169781
_d169781